| 000 | 00814nam a22001937a 4500 | ||
|---|---|---|---|
| 003 | BD-DhUL | ||
| 005 | 20161019182521.0 | ||
| 008 | 160724b1989 bg a||| |||| 000 0 ben | ||
| 040 |
_aBD-DhUL _cBD-DhUL |
||
| 082 |
_a891.44092 _bHAA |
||
| 100 | 1 | _aফজলুল হক | |
| 245 |
_aঅক্ষয় কুমার মৈত্রেয়, ১৮৬১-১৯৩০ / _cফজলুল হক |
||
| 260 |
_aঢাকা : _bবাংলাএকাডেমী; _c১৯৯০. |
||
| 300 |
_a১১৮ পৃ. : _bচিত্র ; _c২২ সেমি. |
||
| 504 | _aগ্রন্থপঞ্জিগত তথ্য সংবলিত | ||
| 650 | 0 | _aমৈত্রেয়, অক্ষয় কুমার - জীবনী | |
| 650 | 0 | _aMaitreya, Akshay Kumar - Biography | |
| 942 |
_2ddc _cBK |
||
| 999 |
_c111983 _d111983 |
||